Rádió
Elmentve itt :
| Szerző: | |
|---|---|
| Dokumentumtípus: | Cikk |
| Megjelent: |
1929
|
| Sorozat: | Széphalom
3 |
| Kulcsszavak: | Szépirodalom |
| Online Access: | http://acta.bibl.u-szeged.hu/20418 |
| LEADER | 00512nab a2200169 i 4500 | ||
|---|---|---|---|
| 001 | acta20418 | ||
| 005 | 20210722152206.0 | ||
| 008 | 161015s1929 hu o 0|| hun d | ||
| 040 | |a SZTE Egyetemi Kiadványok Repozitórium |b hun | ||
| 041 | |a hun | ||
| 100 | 1 | |a Korponay Mária | |
| 245 | 1 | 0 | |a Rádió |h [elektronikus dokumentum] / |c Korponay Mária |
| 260 | |c 1929 | ||
| 300 | |a 296 | ||
| 490 | 0 | |a Széphalom |v 3 | |
| 695 | |a Szépirodalom | ||
| 856 | 4 | 0 | |u http://acta.bibl.u-szeged.hu/20418/1/szephalom_003_296.pdf |z Dokumentum-elérés |